[Event "Voronezh Rating op 03-B"]
[Site "Voronezh"]
[Date "2014.03.29"]
[Round "6"]
[White "Lanevsky, Vlad"]
[Black "Saprykin, Dmitry"]
[Result "0-1"]
[WhiteElo "1719"]
[BlackElo "1859"]
[PlyCount "50"]
[EventDate "2014.03.20"]
[EventType "swiss"]
[EventRounds "9"]
[EventCountry "RUS"]
[SourceTitle "EXT 2015"]
[Source "ChessBase"]
[SourceDate "2014.11.20"]
[SourceVersion "1"]
[SourceVersionDate "2014.11.20"]
[SourceQuality "1"]

1. e4 d6 2. d4 Nf6 3. Nc3 g6 4. f4 Bg7 5. Nf3 0-0 6. Bc4 c6 7. e5 dxe5 8. fxe5 Nd5 9. 0-0 Bf5 10. Bb3 a5 11. Ne2 a4 12. Bxd5 cxd5 13. Ng3 Bg4 14. h3 Bd7 15. c3 Bb5 16. Rf2 Nd7 17. Ng5 e6 18. Qg4 h6 19. Nxe6 fxe6 20. Qxe6+ Kh7 21. Qxd5 Bc6 22. Qd6 Rxf2 23. Kxf2 Qh4 24. e6 Rf8+ 25. Kg1 Qf6 0-1

[Event "Voronezh op-B 17th"]
[Site "Voronezh"]
[Date "2013.06.12"]
[Round "1"]
[White "Lanevsky, Vlad"]
[Black "Gerasko, Viacheslav"]
[Result "1-0"]
[WhiteElo "1719"]
[BlackElo "1954"]
[PlyCount "47"]
[EventDate "2013.06.12"]
[EventType "swiss"]
[EventRounds "9"]
[EventCountry "RUS"]
[SourceTitle "EXT 2014"]
[Source "ChessBase"]
[SourceDate "2013.11.20"]
[SourceVersion "1"]
[SourceVersionDate "2013.11.20"]
[SourceQuality "1"]

1. e4 c5 2. d4 cxd4 3. c3 dxc3 4. Nxc3 Nc6 5. Nf3 g6 6. Bc4 Bg7 7. 0-0 Nf6 8. Ng5 Ne5 9. Bb3 h6 10. f4 Qb6+ 11. Kh1 Neg4 12. Nxf7 Rf8 13. Ne5 Nf2+ 14. Rxf2 Qxf2 15. Nxg6 Ng4 16. Bd2 Rf6 17. Qxg4 Qxd2 18. Nd5 Rc6 19. Ndxe7 Rc1+ 20. Rxc1 Qxc1+ 21. Bd1 d6 22. Nxc8 Rxc8 23. Qe6+ Kd8 24. Qe7# 1-0